Regímenes políticos y procesos desdemocratizadores en Nicaragua y Venezuela /

Сохранить в:
Библиографические подробности
Главный автор: Chaguaceda, Armando
Формат: Текст
Метки: Добавить метку
Нет меток, Требуется 1-ая метка записи!

MARC

LEADER 00000 a a2200000 04500
001 48843
003
040
100 |a Chaguaceda, Armando  
245 |a Regímenes políticos y procesos desdemocratizadores en Nicaragua y Venezuela /  |c Armando Chaguaceda  
773 |g volumen23, número45, (2015), páginas 5-29 : gráficos  
999 |c 32242  |d 32242